Корреляционный анализ финансовых документов, характеризующих степень активности предприятий; Научный диалог: экономика и менеджмент
| Parent link: | Научный диалог: экономика и менеджмент.— 2017.— [С. 51-52] |
|---|---|
| Համատեղ հեղինակ: | |
| Այլ հեղինակներ: | , , , |
| Ամփոփում: | Заглавие с экрана Существует множество методик оценки финансового состояния предприятий. С этой целью разработано множество финансовых коэффициентов, способных оценить и промаркировать не только финансовый, но и производственный потенциал предприятий. Часть из этих коэффициентов связана между собой, в нашем исследовании мы постарались выявить эти взаимосвязи. Режим доступа: по договору с организацией-держателем ресурса |
| Լեզու: | ռուսերեն |
| Հրապարակվել է: |
2017
|
| Խորագրեր: | |
| Առցանց հասանելիություն: | https://elibrary.ru/item.asp?id=29247140 |
| Ձևաչափ: | Էլեկտրոնային Գրքի գլուխ |
| KOHA link: | https://koha.lib.tpu.ru/cgi-bin/koha/opac-detail.pl?biblionumber=655606 |
MARC
| LEADER | 00000naa0a2200000 4500 | ||
|---|---|---|---|
| 001 | 655606 | ||
| 005 | 20250913170743.0 | ||
| 035 | |a (RuTPU)RU\TPU\network\21848 | ||
| 090 | |a 655606 | ||
| 100 | |a 20170918d2017 k||y0rusy50 ca | ||
| 101 | 0 | |a rus | |
| 102 | |a RU | ||
| 135 | |a drcn ---uucaa | ||
| 181 | 0 | |a i | |
| 182 | 0 | |a b | |
| 200 | 1 | |a Корреляционный анализ финансовых документов, характеризующих степень активности предприятий |f О. В. Андриенко [и др.] | |
| 203 | |a Текст |c электронный | ||
| 300 | |a Заглавие с экрана | ||
| 320 | |a [Библиогр.: 6 назв.] | ||
| 330 | |a Существует множество методик оценки финансового состояния предприятий. С этой целью разработано множество финансовых коэффициентов, способных оценить и промаркировать не только финансовый, но и производственный потенциал предприятий. Часть из этих коэффициентов связана между собой, в нашем исследовании мы постарались выявить эти взаимосвязи. | ||
| 333 | |a Режим доступа: по договору с организацией-держателем ресурса | ||
| 463 | 1 | |t Научный диалог: экономика и менеджмент |o сборник научных трудов по материалам VI Международной научной конференции, Санкт-Петербург, 8 Мая 2017 |v [С. 51-52] |d 2017 | |
| 610 | 1 | |a электронный ресурс | |
| 610 | 1 | |a труды учёных ТПУ | |
| 610 | 1 | |a финансовые коэффициенты | |
| 610 | 1 | |a финансовое состояние | |
| 610 | 1 | |a бухгалтерская отчетность | |
| 701 | 1 | |a Андриенко |b О. В. |c экономист |c доцент Томского политехнического университета, кандидат экономических наук |f 1979- |g Олег Владимирович |3 (RuTPU)RU\TPU\pers\29555 |9 14091 | |
| 701 | 1 | |a Баландина |b А. С. |g Александра Сергеевна | |
| 701 | 1 | |a Андриенко |b Е. А. |g Елена Александровна | |
| 701 | 1 | |a Пичугина |b Ж. С. |g Жанна Сергеевна | |
| 712 | 0 | 2 | |a Национальный исследовательский Томский политехнический университет (ТПУ) |b Институт социально-гуманитарных технологий (ИСГТ) |b Кафедра экономики (ЭКОН) |3 (RuTPU)RU\TPU\col\18375 |
| 801 | 2 | |a RU |b 63413507 |c 20170918 |g RCR | |
| 856 | 4 | |u https://elibrary.ru/item.asp?id=29247140 | |
| 942 | |c CF | ||